Autoatlas = Road Atlas = Autoatlas : Česká republika 1:100 000 /

Korporativní autor: Geodézie ČS (firma). Kartografické nakladatelství
Jazyk: Němčina
Čeština
Angličtina
Vydáno: Praha : Geodézie ČS a.s., 2000
Vydání: 4. vydání
Témata:
Fyzický popis: 1 atlas (232, 24 stran) : přibližně 202 barevných map ; 33 cm
Language note: Místní jména česky, vysvětlivky a jiné doprovodné texty také anglicky a německy
Mapy
Uloženo v:
LEADER 01816nem a2200469 i 4500
001 001911590
003 CZ BrMZK
005 20250224142509.0
007 ad canzn
008 241014s2000 xr z e 1 cze d
020 |a 80-7279-058-7  |q (kroužková vazba) 
034 1 |a a 
040 |a BOA001  |b cze  |e rda 
041 0 |a cze  |a eng  |a ger 
043 |a e-xr--- 
072 7 |a 913(437)  |x Geografie Česka a Slovenska, reálie, cestování  |2 Konspekt  |9 7 
072 7 |a 912  |x Mapy. Atlasy. Glóby  |2 Konspekt  |9 7 
080 |a 656.1  |2 MRF 
080 |a 913(437.3)  |2 MRF 
080 |a (084.4)  |2 MRF 
110 2 |a Geodézie ČS (firma).  |b Kartografické nakladatelství  |7 kn20010724251  |4 ctg  |4 pbl 
245 0 0 |a Autoatlas =  |b Road Atlas = Autoatlas : Česká republika 1:100 000 /  |c zpracovala a vydala Geodézie ČS akciová společnost 
246 1 4 |a Česká republika : atlas 1:100 000 
250 |a 4. vydání 
255 |a Měřítka různá 
264 1 |a Praha :  |b Geodézie ČS a.s.,  |c 2000 
300 |a 1 atlas (232, 24 stran) :  |b přibližně 202 barevných map ;  |c 33 cm 
336 |a kartografický obraz  |b cri  |2 rdacontent 
336 |a text  |b txt  |2 rdacontent 
337 |a bez média  |b n  |2 rdamedia 
338 |a svazek  |b nc  |2 rdacarrier 
500 |a 23 plánů vybraných českých měst v měřítku 1:10 000 
500 |a Obsahuje rejstřík 
546 |a Místní jména česky, vysvětlivky a jiné doprovodné texty také anglicky a německy 
650 0 7 |a silniční doprava  |7 ph116143  |z Česko  |2 czenas 
650 0 9 |a road traffic  |z Czechia  |2 eczenas 
655 7 |a autoatlasy  |7 fd131844  |2 czenas 
655 9 |a road atlases  |2 eczenas 
910 |a BOA001  |b 4-1533.102 
990 |a MP 
991 |b 202502 
996 6 |b 2610982330  |c 4-1533.102  |l MZK  |r Sklad / do 1 hodiny  |n 0  |p dar  |w 001980551  |u 000010  |a 1  |e BOA001  |j MZK50  |s P